00976 2200325 4500001002100000005001500021035002000036007000300056008004100059020002200100082001700122084001700139245008900156250003100245300003000276650004000306700003100346264004500377336002100422337003000443338002300473040002200496090002100518090002100539850001200560041000800572999002100580710002800601990002100629INLIS00000000084935320191106113750 a0010-0719000354ta190709s2019 yoi g l | ind d a978-623-7210-01-604223a346.0135 a346.0135 KUM10aKumpulan undang-undang perlindungan anak /cTim Politika; penyunting, Arif Ishartadi aCetakan pertama: Mei, 2019 aiii, 192 halaman ;c20 cm 4aAnak--xUndang-undang dan peraturan0 aArif IshartadiePenyunting aYogyakarta :bPolitika Publishing,c2019 2rdacontentateks 2rdamediaatanpa perantara 2rdacarrieravolume aYOPDYOGbinderda aDEP 346.0135 KUM aCB-D.11 2019-770 aYOPDYOG0 aind aCB-D.11/2019-7702 aTim PolitikaePengarang aCB-D.11/2019-770